| Tag |
First Indicator |
Second Indicator |
Subfields |
| LEADER |
00000cam a2200000 a 4500 |
| 001 |
in00000001573 |
| 005 |
20151007050459.0 |
| 008 |
980916s1998 dcua f000 0 eng d |
| 035 |
|
|
|a (OCoLC)39878118
|
| 035 |
|
|
|9 AJB6554AM
|
| 040 |
|
|
|d GPO
|d DLC
|d MvI
|d UtOrBLW
|
| 043 |
|
|
|a n-us---
|
| 049 |
|
|
|a UDOC
|
| 074 |
|
|
|a 0455-B-02
|
| 086 |
0 |
|
|a ED 1.2:D 39/2
|
| 090 |
|
|
|a JK421
|b .U55 1998
|
| 110 |
1 |
|
|a United States.
|
| 240 |
1 |
0 |
|a Government Performance and Results Act of 1993
|
| 245 |
1 |
0 |
|a Demonstrating results :
|b an introduction to the Government Performance and Results Act.
|
| 246 |
3 |
0 |
|a Introduction to the Government Performance and Results Act
|
| 264 |
|
1 |
|a [Washington, D.C.?] :
|b Higher Education Programs, Office of Postsecondary Education, U.S. Dept. of Education,
|c [1998?]
|
| 300 |
|
|
|a iv, 29 pages :
|b illustrations ;
|c 21 cm.
|
| 336 |
|
|
|a text
|b txt
|2 rdacontent
|
| 337 |
|
|
|a unmediated
|b n
|2 rdamedia
|
| 338 |
|
|
|a volume
|b nc
|2 rdacarrier
|
| 500 |
|
|
|a Shipping list number: 98-0374-P.
|
| 650 |
|
0 |
|a Administrative agencies
|z United States
|x Management.
|
| 650 |
|
0 |
|a Government productivity
|z United States.
|
| 651 |
|
0 |
|a United States
|x Officials and employees
|x Rating of.
|
| 710 |
1 |
|
|a United States.
|b Office of Postsecondary Education.
|b Higher Education Programs.
|
| 999 |
|
|
|a MARS
|
| 999 |
f |
f |
|s 1a5ed88c-684e-36c8-99fd-2f0c50cd2742
|i 54d1176e-7a41-3c89-8a27-eeef104217ca
|t 0
|
| 952 |
f |
f |
|p normal
|a Texas A&M University
|b College Station
|c Sterling C. Evans Library
|d Evans: US Documents (Annex 5th floor)
|t 0
|e ED 1.2:D 39/2
|h Superintendent of Documents classification
|i unmediated -- volume
|m A14824392125
|
| 998 |
f |
f |
|a ED 1.2:D 39/2
|t 0
|l Evans: US Documents (Annex 5th floor)
|